000 01084nam a22003257a 4500
003 CHAP
005 20220329135443.0
008 971013s1976 r 00010 d
010 _a36749
011 _a37721
035 _a41841
040 _cCHAP
090 _aTesis
100 0 0 _aOrtega Solís, Enrique.
_983886
245 _aControl químico de la roya del clavel en Tecomatlán, Tenancingo, Méx.
260 _aChapingo, Méx. :
_bEl autor,
_c1976
300 _a49 h.
_b: ilus.
502 _aTesis (Ing. Agr. Esp. en Parasitología Agrícola) -- ENA. Departamento de Parasitología Agrícola
590 _aALEPH
_b10
_c20130110
_lUCH01
_h1302
590 _aBATCH-UPD
_b10
_c20130110
_lUCH01
_h2122
590 _aBATCH-UPD
_b10
_c20130410
_lUCH01
_h1432
590 _aBATCH-UPD
_b10
_c20130914
_lUCH01
_h0947
590 _aCONVERSION
_b10
_c20130109
_lUCH01
_h1321
650 1 4 _aClavel
_xEnfermedades.
_923701
650 1 4 _aRoya del clavel.
_9100383
901 _aBK
942 _cFOLL
949 _bBC
_cTES
_d-96236
_eTS1
_i41841
_si
949 _bBC
_cTES
_d-96237
_eTS2
_fc.2
_i41841
_si
999 _c36749
_d36749